000 00264nam a2200121Ia 4500
008 190216s9999||||xx |||||||||||||| ||und||
100 _aPrafulla Prabhakar
245 0 _aHindi-Director
260 _bSahithya Gar
300 _a269
650 _aHindi
942 _cBK
999 _c16230
_d16230